Indian Economy: (Record no. 186762)

MARC details
000 -LEADER
fixed length control field 00620nam a22001937a 4500
005 - DATE AND TIME OF LATEST TRANSACTION
control field 20220314171409.0
010 ## - LCCN (DPL NO)
LC control number ENG-131983
020 ## - INTERNATIONAL STANDARD BOOK NUMBER
International Standard Book Number 9789355321886
Terms of availability 295.00
035 ## - SYSTEM CONTROL NUMBER
System control number EN-115515
037 ## - SOURCE OF ACQUISITION
Source of stock number/acquisition DBAD
082 ## - DEWEY DECIMAL CLASSIFICATION NUMBER
Classification number 330.954
100 ## - MAIN ENTRY--PERSONAL NAME
Personal name Karuppiah, Sankarganesh
245 ## - TITLE STATEMENT
Title Indian Economy:
Remainder of title Key Concepts/
Statement of responsibility, etc Sankarganesh Karuppaih
250 ## - EDITION STATEMENT
Edition statement 7e Edition
260 ## - PUBLICATION, DISTRIBUTION, ETC. (IMPRINT)
Place of publication, distribution, etc Chennai
Name of publisher, distributor, etc McGraw Hill Education Private Limited
Date of publication, distribution, etc 2022
270 ## - ADDRESS
Address Anjana Complex, No. 5/90A, Butt Road, St. Thomas Mount
City Chennai
Postal code 600016
300 ## - PHYSICAL DESCRIPTION
Extent xx, 204p.
Other physical details Index
Dimensions 24cm(pbk)
942 ## - ADDED ENTRY ELEMENTS (KOHA)
Source of classification or shelving scheme Dewey Decimal Classification
Item type English Books
Classification part 330.954
Call number suffix KAR
Holdings
Withdrawn status Lost status Not for loan Collection code Home library Current library Date acquired Source of acquisition Cost, normal purchase price Full call number Barcode Copy number Cost, replacement price Koha item type
      Non-fiction Patel Nagar Patel Nagar 14/03/2022 DBAD/PUB 295.00 330.954 KAR EN-115515 1 295.00 English Books

© Delhi Public Library
Hit Counter
free hit counter